| 000 | 00413nam a2200109Ia 4500 | ||
|---|---|---|---|
| 008 | 220204s9999 xx 000 0 und d | ||
| 082 |
_aNR:631.4(047) _bRRI |
||
| 100 | _aDISSANAYAKE, TB | ||
| 245 | 0 | _aReport of the Training on soil conservation and nutrient management, 11 July-3 October 2011,Rubber Researc Institute of India, Kottayam | |
| 260 |
_aKottayam _bRubber Research Institute of india _c2011 |
||
| 942 | _cBK | ||
| 999 |
_c44844 _d44844 |
||